000 00394 a2200169 4500
001 168923
020 _a85-02-03176-7
040 _cMagnum
100 _aTorres, Nelson
240 1 0 _aGramática prática da língua inglesa
_lING
245 1 0 _aGramática prática da língua inglesa
300 _a528
362 0 _a2002
440 1 _aSaraiva
697 _aLITERATURA INGLESA
942 _cBK
999 _c168923
_d168923